Missing Word: Ryan Gosling Quiz Stats

 Plays Quiz Updated Nov 8, 2014

Challenge
Share
Tweet
Embed
Score 0/12 Timer 01:30
1 Play Today
Hint Missing Word % Correct
The Ides of ____March
92.2%
Crazy, ____, LoveStupid
88.5%
Remember the ____Titans
81.1%
____ and the Real GirlLars
61.9%
Murder by ____Numbers
53.6%
The ___ Beyond the PinesPlace
49%
____ ValentineBlue
45.6%
All ____ ThingsGood
39.4%
____ SquadGangster
35.7%
____ NelsonHalf
33.8%
The United States of ____Leland
11.3%
The ____ RuleSlaughter
5.1%

Today's Daily Dose

Missing Word
Hayao Miyazaki

Word Ladder
Florida

On This Day
December 13th II

You're not logged in!

Compare scores with friends on all Sporcle quizzes.
OR
Log In

You Might Also Like...

Show Comments

Extras

Top Quizzes Today


Score Distribution

Your Account Isn't Verified!

In order to create a playlist on Sporcle, you need to verify the email address you used during registration. Go to your Sporcle Settings to finish the process.

Report this User

Report this user for behavior that violates our Community Guidelines.

Details: